LEADER 00387nab a2200133 i 4500 001 000000271077 003 CaOOAMICUS 005 20180831164854.0 008 180831n xx uu u0 0und r 013 $a18106 040 $aSeMil$bita 245 10$a[vedi periodico]. 773 0 $t[2009 : 2].$dLeiden ; Boston : Brill, copyr. 2009.$w()179665 996 $6245$a[vedi periodico]$9(OLS)http://semarc/title/309439 LEADER 00664nam a2200181 i 4500 001 000000044399 003 CaOOAMICUS 005 20120731000000.0 008 120731s1855 xx u000 u fre u 013 $a15569 040 $aSeMil$bita 100 1 $aPitzipios, Iacobos Georgios,$d<1802-1876>.$0(OLS)http://semarc/name/22079 245 10$a1. partie. 300 $aXIV, 144 p. 773 0 $aPitzipios, Iacobos Georgios <1802-1876>$tÉglise orientale.$dRome : Imprimerie de la Propagande, 1855.$g1$w()27152 850 $aSeMil 852 $aSeMil$W1$xVenegono$y1$m2B IV 52 FA$j10554$B10554$CSeMilBibl$Z2$F10554 $8I 996 $6245$a1. partie$9(OLS)http://semarc/title/68921